| 000 | 00723nam a2200265 a 4500 | ||
|---|---|---|---|
| 003 | AR-BaBNM | ||
| 005 | 20251128203956.0 | ||
| 008 | 082120s2002 ||||||||||||||000 | spa|| | ||
| 020 | _a968-853-026-3 | ||
| 040 | _cAR-BaBNM | ||
| 100 | 1 | _aFry, Edward | |
| 245 | 0 | 0 |
_aTécnica de la lectura veloz _bmanual para el docente |
| 260 |
_aMéxico, D.F. _bPaidós _c1991 |
||
| 300 |
_a175 p. _bil., tablas, gráfs. |
||
| 490 | 0 |
_aPaidós educador _vv. 54 |
|
| 650 | 4 | _aLECTURA | |
| 650 | 4 | _aLECTURA RAPIDA | |
| 650 | 4 | _aENSEÑANZA DE LA LECTURA | |
| 650 | 4 | _aGUIAS | |
| 650 | 4 | _aTECNICAS DE ENSEÑANZA | |
| 653 | _aCOMPRENSION LECTORA | ||
| 700 | 1 |
_aMichel, Marcelo Ricardo _etraductor |
|
| 942 | _cBK | ||
| 998 | _cSILVI | ||
| 999 |
_c5676 _d5676 |
||